[Event "32. Offene Senioren-LEM Sachsen-Anh. 65+"]
[Site "Magdeburg"]
[Date "2024.07.04"]
[Round "4.52"]
[White "Klimpel, Siegfried"]
[Black "Girod, Gudrun"]
[Result "1-0"]
[WhiteElo "1796"]
[BlackElo "1649"]
[PlyCount "73"]
[EventDate "2024.??.??"]
[WhiteTeam "TSV Kareth-Lappersdorf"]
[BlackTeam "Hannover 96"]

1. e4 e5 2. Nf3 d6 3. d4 exd4 4. Bc4 Bg4 5. h3 Bxf3 6. Qxf3 Qf6 7. Qg4 Nd7 8.
O-O Ne5 9. Qe2 Nxc4 10. Qxc4 c6 11. f4 Qd8 12. Qxd4 Nf6 13. Nc3 Be7 14. Be3 d5
15. Rad1 a5 16. e5 c5 17. Qa4+ Nd7 18. Nxd5 O-O 19. Rfe1 Re8 20. Rd2 Nb6 21.
Qb3 Nxd5 22. Rxd5 Qc7 23. Qc4 b6 24. f5 Rad8 25. Red1 Rxd5 26. Rxd5 Rd8 27.
Rxd8+ Qxd8 28. Qg4 f6 29. Bh6 Qd4+ 30. Qxd4 cxd4 31. Bf4 fxe5 32. Bxe5 Bc5 33.
Kf1 Kf7 34. Ke2 g6 35. fxg6+ hxg6 36. Kd3 Ke6 37. Bxd4 1-0

[Event "32. Offene Senioren-LEM Sachsen-Anh. 65+"]
[Site "Magdeburg"]
[Date "2024.07.04"]
[Round "4.53"]
[White "Watermann, Bernd"]
[Black "Hülle, Gunter"]
[Result "1-0"]
[WhiteElo "1660"]
[BlackElo "1766"]
[PlyCount "67"]
[EventDate "2024.??.??"]
[WhiteTeam "Sf Barsinghausen e.V."]
[BlackTeam "SV Springer Leipzig"]

1. d4 Nf6 2. e3 g6 3. f4 Bg7 4. Nf3 d5 5. Bd3 O-O 6. O-O e6 7. Bd2 b6 8. Be1
Bb7 9. Bh4 Qd6 10. Nbd2 Nbd7 11. Ne5 c5 12. c3 c4 13. Bc2 b5 14. a3 Ne4 15.
Ndf3 f6 16. Nxd7 Qxd7 17. g4 Bc6 18. Bxe4 dxe4 19. Nd2 f5 20. Bg3 Kh8 21. b3
Qd5 22. bxc4 bxc4 23. Rb1 Rab8 24. Rb4 a5 25. Rxc4 Bb5 26. Rc5 Qd7 27. Rf2 Rfc8
28. Rxc8+ Qxc8 29. gxf5 gxf5 30. Qc1 Bd3 31. c4 Rb7 32. c5 Qc6 33. Qc3 a4 34.
Qa5 1-0

[Event "32. Offene Senioren-LEM Sachsen-Anh. 65+"]
[Site "Magdeburg"]
[Date "2024.07.04"]
[Round "4.54"]
[White "Zimmer, Franz"]
[Black "Stratmann, Alois"]
[Result "1/2-1/2"]
[WhiteElo "1766"]
[BlackElo "1705"]
[PlyCount "29"]
[EventDate "2024.??.??"]
[WhiteTeam "SG Trier 1877"]
[BlackTeam "Schachverein Ahlen 1954"]

1. d4 Nf6 2. Nf3 e6 3. e3 c6 4. Bd3 d5 5. O-O Nbd7 6. Nbd2 Be7 7. c3 h6 8. e4
dxe4 9. Nxe4 Nxe4 10. Bxe4 Nf6 11. Bc2 b6 12. Re1 Bd7 13. Bf4 Bc8 14. Ne5 Bb7
15. Qe2 1/2-1/2

[Event "32. Offene Senioren-LEM Sachsen-Anh. 65+"]
[Site "Magdeburg"]
[Date "2024.07.04"]
[Round "4.55"]
[White "Langbein, Wolfgang"]
[Black "Peter, Volkhard"]
[Result "0-1"]
[WhiteElo "1533"]
[BlackElo "1800"]
[PlyCount "134"]
[EventDate "2024.??.??"]
[WhiteTeam "PSV Ribnitz-Damgarten"]
[BlackTeam "SV Einheit Schwerin"]

1. c4 e5 2. g3 Nf6 3. Bg2 Bc5 4. e3 O-O 5. Ne2 Re8 6. O-O c6 7. a3 d5 8. cxd5
cxd5 9. b4 Bb6 10. Bb2 a6 11. d4 e4 12. Nbc3 Bg4 13. f3 exf3 14. Bxf3 Rxe3 15.
Bxg4 Nxg4 16. Nf4 Nf6 17. Qd2 Re7 18. Nce2 Nc6 19. Kg2 Ng4 20. Rf3 Qe8 21. h3
Ne3+ 22. Rxe3 Rxe3 23. Kf2 Re5 24. Kf3 Rf5 25. Qd3 Rf6 26. Kg2 Rd8 27. Bc3 Bc7
28. Bd2 Qe4+ 29. Qxe4 dxe4 30. Bc3 Ne7 31. d5 Rf5 32. Rf1 Nxd5 33. Nxd5 Rdxd5
34. Re1 e3 35. Nf4 Bxf4 36. gxf4 Rxf4 37. Rxe3 Kf8 38. Kg3 Rff5 39. h4 b5 40.
Bb2 Rd8 41. Re4 f6 42. Bd4 Re8 43. Bc5+ Kf7 44. Rd4 g5 45. hxg5 Rxg5+ 46. Kf4
h5 47. Rd6 Kg6 48. Rxa6 Rg4+ 49. Kf3 Kf5 50. Be3 Rge4 51. Bh6 R8e6 52. Ra5 R4e5
53. Bf8 Re3+ 54. Kg2 R3e5 55. Bc5 Re2+ 56. Kf3 Ra2 57. Rxb5 Rxa3+ 58. Kg2 Kg4
59. Bf2 h4 60. Kh2 Re2 61. Kg2 h3+ 62. Kf1 Rc2 63. Rb8 Ra1+ 64. Be1 Rcc1 65.
Re8 Rxe1+ 66. Rxe1 Rxe1+ 67. Kxe1 h2 0-1

[Event "32. Offene Senioren-LEM Sachsen-Anh. 65+"]
[Site "Magdeburg"]
[Date "2024.07.04"]
[Round "4.56"]
[White "Ogrisek, Gerd"]
[Black "Gieseke, Karl-Heinz"]
[Result "1-0"]
[WhiteElo "1710"]
[BlackElo "1696"]
[PlyCount "95"]
[EventDate "2024.??.??"]
[WhiteTeam "SV Rochade Magdeburg"]
[BlackTeam "SG Schöningen JFZ-I"]

1. e4 c6 2. d4 d5 3. exd5 cxd5 4. Bd3 Nc6 5. c3 Nf6 6. Bf4 Qb6 7. Qc2 Bd7 8.
Nf3 O-O-O 9. O-O e6 10. h3 h6 11. Nbd2 Ne8 12. Ne5 Nxe5 13. Bxe5 f6 14. Bg3 Bd6
15. Bxd6 Nxd6 16. Nb3 Nb5 17. Nc5 Kb8 18. Rfe1 Qd6 19. Qb3 a6 20. a4 b6 21.
Nxd7+ Rxd7 22. axb5 a5 23. Qa3 g5 24. Qxd6+ Rxd6 25. Bg6 Rf8 26. Bd3 Rc8 27.
Rac1 Rc7 28. Bg6 Kc8 29. Be8 Kd8 30. Bc6 Ke7 31. Ra1 Rd8 32. b4 Ra7 33. bxa5
Rxa5 34. Rxa5 bxa5 35. Ra1 Kd6 36. Rxa5 e5 37. Ra8 Rxa8 38. Bxa8 Kc7 39. Bxd5
Kb6 40. Bc6 exd4 41. cxd4 f5 42. d5 Kc7 43. Kf1 f4 44. Ke2 h5 45. Kf3 Kd6 46.
b6 Ke5 47. b7 h4 48. b8=Q+ 1-0